Электрополевое разложение кристаллов азида серебра при воздействии низких бесконтактных электрических полей; Инновационные технологии и экономика в машиностроении

গ্রন্থ-পঞ্জীর বিবরন
Parent link:Инновационные технологии и экономика в машиностроении.— 2007.— С. 248-250
অন্যান্য লেখক: Крашенинин В. И., Родзевич А. П. Александр Павлович, Газенаур Е. Г., Бардина И. И., Нестерюк Л. С.
ভাষা:রুশ
প্রকাশিত: 2007
বিষয়গুলি:
বিন্যাস: গ্রন্থের অধ্যায়
KOHA link:https://koha.lib.tpu.ru/cgi-bin/koha/opac-detail.pl?biblionumber=135396

MARC

LEADER 00000naa2a2200000 4500
001 135396
005 20231224115342.0
035 |a (RuTPU)RU\TPU\book\146741 
090 |a 135396 
100 |a 20080410d2007 k y0rusy50 ca 
101 0 |a rus 
102 |a RU 
200 1 |a Электрополевое разложение кристаллов азида серебра при воздействии низких бесконтактных электрических полей  |f В. И. Крашенинин [и др.] 
320 |a Библиогр.: 3 назв. 
463 0 |0 (RuTPU)RU\TPU\book\136479  |t Инновационные технологии и экономика в машиностроении  |o V Всероссийская научно-практическая конференция с международным участием, г. Юрга 14-15 сентября 2007 г.  |o труды  |f Томский политехнический университет (ТПУ) ; Юргинский технологический институт (филиал) ; под ред. Д. А. Чинахова  |v С. 248-250  |d 2007  |p 558 с. 
610 1 |a кристаллы 
610 1 |a разложение 
610 1 |a электрополевое разложение 
610 1 |a азид серебра 
610 1 |a электрические поля 
610 1 |a химия твёрдого тела 
610 1 |a твёрдые вещества 
610 1 |a стабильность 
610 1 |a энергетические материалы 
610 1 |a труды учёных ТПУ 
701 1 |a Крашенинин  |b В. И. 
701 1 |a Родзевич  |b А. П.  |c специалист в области машиностроения  |c доцент Юргинского технологического института (филиала) Томского политехнического университета, кандидат физико-математических наук  |f 1967-  |g Александр Павлович  |3 (RuTPU)RU\TPU\pers\27497  |9 12751 
701 1 |a Газенаур  |b Е. Г. 
701 1 |a Бардина  |b И. И. 
701 1 |a Нестерюк  |b Л. С. 
801 1 |a RU  |b 63413507  |c 20080410  |g PSBO 
801 2 |a RU  |b 63413507  |c 20160805  |g RCR 
942 |c BK